Liedtext - Zu spät - Die Ärzte - Statistiken

Allgemein
  • Dieses Quiz wurde 238 mal gespielt
  • Das Durchschnittsergebnis liegt bei 248 aus 297
Antwortstatistiken
Textquiz % Korrekt
spät
98%
zu
98%
Zu
98%
Ich
97%
ich
97%
du
95%
Du
95%
es
95%
ist
95%
ein
92%
Doch
91%
er
91%
Er
91%
nicht
91%
Und
91%
und
91%
Dann
89%
dann
89%
mich
89%
bin
88%
das
88%
der
88%
Der
88%
dich
88%
mir
88%
im
87%
lieb
86%
hast
85%
in
85%
an
84%
die
84%
hab
84%
her
84%
so
84%
So
84%
wie
84%
dir
83%
nur
82%
Star
82%
einen
81%
werd
81%
aller
80%
brechen
80%
einem
80%
eines
80%
Eines
80%
Herzen
80%
Mädchen
80%
mehr
80%
von
80%
Zeitung
80%
Warum
79%
jetzt
79%
Jetzt
79%
rächen
79%
sehr
79%
Tages
79%
Freund
78%
hat
78%
noch
78%
steht
78%
ihn
77%
immer
77%
kann
77%
neuen
77%
angetan
76%
bist
76%
viel
75%
dass
74%
mit
74%
weil
74%
Auto
73%
Bei
73%
Damenrad
73%
was
73%
Bekannten
72%
hab's
72%
klappriges
72%
auch
70%
ihm
70%
leid
70%
liebst
70%
tut
70%
alles
69%
erfahr'n
69%
wenn
69%
Karate
68%
gab's
66%
Geld
66%
geweint
66%
lang
66%
wusste
66%
essen
65%
weg
65%
Wochen
65%
Ritz
64%
arm
63%
Currywurst
63%
deinen
63%
Pommes
63%
vorgelesen
63%
warst
63%
weiß
63%
Fix
62%
hinter
62%
Zwei
62%
hasse
61%
natürlich
61%
Supermann
61%
Foxi
60%
geliebt
59%
gewesen
59%
gibt
59%
ins
59%
Theater
59%
gefällt
58%
läufst
58%
wollte
57%
bringt
55%
Frites
55%
Gedanke
55%
Grab
55%
kenn
55%
schaust
53%
verprügeln
52%
grüßt
51%
vorher
51%
kriegt
50%
Keine übereinstimmenden Quizze gefunden
Verteilung der Resultate
Anzahl Personen mit jedem Resultat
Perzentil nach korrekt beantworteten Fragen
Ihre Resultats-Entwicklung
Sie haben dieses Quiz noch nicht gespielt